الأطار التاريخي والنظري للمحاسبة المالية في المجتمع الإسلامي / (رقم التسجيلة. 53374)

تفاصيل مارك
000 -LEADER
fixed length control field 00724nam a22001937a 4500
005 - DATE AND TIME OF LATEST TRANSACTION
control field 20251108170954.0
008 - FIXED-LENGTH DATA ELEMENTS--GENERAL INFORMATION
fixed length control field 250721s9999 xx 000 0 ara d
082 14 - DEWEY DECIMAL CLASSIFICATION NUMBER
Classification number 657.48/عمر
100 1# - MAIN ENTRY--PERSONAL NAME
Personal name زيد، عمر عبد الله
245 10 - TITLE STATEMENT
Title الأطار التاريخي والنظري للمحاسبة المالية في المجتمع الإسلامي /
250 ## - EDITION STATEMENT
Edition statement ط2 طبعة مزيدة ومنقحة
264 1# - PRODUCTION, PUBLICATION, DISTRIBUTION, MANUFACTURE, AND COPYRIGHT NOTICE
Place of production, publication, distribution, manufacture عمان :
Name of producer, publisher, distributor, manufacturer دار البشير للنشر والتوزيع،
Date of production, publication, distribution, manufacture, or copyright notice [19-].
300 ## - PHYSICAL DESCRIPTION
Extent 348ص
490 0# - SERIES STATEMENT
Series statement سلسلة مراجع المحاسبين والمراجعين ، 1
650 17 - SUBJECT ADDED ENTRY--TOPICAL TERM
Topical term or geographic name as entry element المحاسبة
650 17 - SUBJECT ADDED ENTRY--TOPICAL TERM
Topical term or geographic name as entry element المحاسبة الإسلامية
942 ## - ADDED ENTRY ELEMENTS (KOHA)
Source of classification or shelving scheme Dewey Decimal Classification
Koha item type كتب
المقتنيات
حالة السحب حالة الفقدان مصدر التصنيف حالة التلف غير قابل للإعارة المكتبة الرئيسية المكتبة الحالية موقع الرف تاريخ التزويد الرقم المتسلسل Total Checkouts رقم الإستدعاء تاريخ آخر ظهور تاريخ الفاتورة نوع المادة (كوها)
    Dewey Decimal Classification Unchecked   مكتبة الاميرة بديعة مكتبة الاميرة بديعة الإعارة 06/07/2004 6885   657.48/عمر 28/07/2025 06/07/2004 كتب
Implemented & Customized by: BBB with SCIT (Smart Chains for Information Technology)

Powered by Koha